000 00903nam a2200229Ia 4500
001 L239-11610
003 IT-CnALBA
008 170116s9999||||xx |||||||||||||| ||und||
040 _aIT-CnALBA
_cIT-CnALBA
041 _aITALIANO
100 _aPRAT FRANCESCO, SJ.
245 0 _aLA BIBBIA E LA STORIA.
250 _a2a ed.
260 _a ROMA PARIS TOURNAI
_bDESCLEE & C. EDIT.
_c1923 [1° Ed.: n.d.]
300 _a60 p. (prefazione: 5)
500 _aSCIENZA E RELIGIONE. ISPIRAZIONE. CARATTERE DEI LIBRI SACRI. STORIA DELLA BIBBIA. CITAZIONI ESPRESSE E TACITE.
501 _aSocietà San Paolo EM - Piazza San Paolo, 14 - 12051 ALBA (CN) (non commercial uses only) ® Copyright 2017
520 _aSCIENZA E RELIGIONE. ISPIRAZIONE. CARATTERE DEI LIBRI SACRI. STORIA DELLA BIBBIA. CITAZIONI ESPRESSE E TACITE.
650 _aAPOLOGETICA E CONTROVERSIE
942 _cBK
957 _71
999 _a16363
_bSI
_g Copie: 1
_c270787
_d270787